[Event "4NCL Division 4 South"]
[Site "Telford, ENG ENG"]
[Date "2016.01.16"]
[Round "3.39"]
[White "Peck, Windsor W A"]
[Black "Weaver, Simon"]
[Result "0-1"]
[WhiteElo "1547"]
[BlackElo "1601"]
[PlyCount "70"]
[EventDate "2016.01.16"]
[WhiteTeam "Shropshire 3"]
[BlackTeam "Throw in the Tal 2"]

1. d4 d5 2. Nf3 e6 3. e3 Nf6 4. Bd3 c5 5. b3 cxd4 6. exd4 Nc6 7. O-O Be7 8. Bb2
O-O 9. Nbd2 a6 10. Ne5 Qc7 11. a3 b5 12. f4 Bb7 13. Qf3 Rad8 14. Qh3 Ne4 15.
Nxe4 dxe4 16. Bxe4 f5 17. Nxc6 Bxc6 18. Bxc6 Qxc6 19. Rac1 Bf6 20. c3 Rc8 21.
Qf3 Qd6 22. Rfe1 Rfe8 23. g3 g6 24. Kg2 Rc7 25. Re2 Rce7 26. Rce1 Kf7 27. Re3
Qd7 28. Rd1 Rd8 29. Red3 Qd5 30. Qxd5 exd5 31. Rf1 Rde8 32. Rf2 Bg7 33. h3 Bf6
34. Rc2 Re2+ 35. Kf3 Rxc2 0-1

[Event "4NCL Division 4 South"]
[Site "Telford, ENG ENG"]
[Date "2016.01.16"]
[Round "3.35"]
[White "Scott, Ian D"]
[Black "Wiltshir, Richard"]
[Result "1/2-1/2"]
[WhiteElo "1787"]
[BlackElo "1735"]
[PlyCount "89"]
[EventDate "2016.01.16"]
[WhiteTeam "Throw in the Tal 2"]
[BlackTeam "Midland Monarchs 2"]

1. c4 Nf6 2. g3 g6 3. Bg2 Bg7 4. Nc3 d6 5. e4 c6 6. Nf3 Nbd7 7. O-O O-O 8. d3
Re8 9. Bd2 Nc5 10. Qc2 Bg4 11. Rfe1 Ne6 12. Qc1 Bxf3 13. Bxf3 Nd4 14. Bg2 Nd7
15. Ne2 Nc5 16. Qb1 Qb6 17. Nc3 Rab8 18. Be3 a6 19. Ne2 Nce6 20. Qc1 Qa5 21.
Nxd4 Nxd4 22. Bxd4 Bxd4 23. Re2 Kg7 24. Qd2 {(=)} Qe5 25. Rb1 b5 26. cxb5 axb5
27. b3 b4 28. Rc1 c5 29. Rc2 {(=)} Ra8 30. Qd1 Ra3 31. Bh3 Rea8 32. Bd7 R3a7
33. Ba4 h5 34. Kg2 h4 35. f4 h3+ 36. Kf3 Qf6 37. g4 e5 38. Qd2 Rh8 39. Bc6 Bc3
40. Qc1 Rh4 41. Kg3 exf4+ 42. Kf3 Qe6 43. Qxf4 Be5 44. Qg5 Bf6 45. Qf4 1/2-1/2

[Event "4NCL Division 4 South"]
[Site "Telford, ENG ENG"]
[Date "2016.01.16"]
[Round "3.38"]
[White "Hafstad, Leif"]
[Black "Scott, David"]
[Result "1/2-1/2"]
[WhiteElo "1675"]
[BlackElo "1585"]
[PlyCount "123"]
[EventDate "2016.01.16"]
[WhiteTeam "Midland Monarchs 2"]
[BlackTeam "Throw in the Tal 2"]

1. e4 e5 2. Nf3 d6 3. d4 exd4 4. Nxd4 Bd7 5. Nc3 Nf6 6. Bc4 Be7 7. O-O O-O 8.
f4 Nc6 9. Be3 Ng4 10. Nxc6 bxc6 11. Bd2 d5 12. exd5 Bc5+ 13. Kh1 Nf2+ 14. Rxf2
Bxf2 15. Qf3 Bb6 16. Bd3 cxd5 17. Qxd5 Be6 18. Qh5 g6 19. Qh6 Qf6 20. Ne4 Qh8
21. Bb4 c5 22. Nf6+ Qxf6 23. Bc3 Qxc3 24. bxc3 Rad8 25. f5 gxf5 26. Bxf5 Bxf5
27. Qg5+ Kh8 28. Qxf5 Rde8 29. h4 Re6 30. Rf1 Rg6 31. Qe5+ Kg8 32. h5 Rg4 33.
Rf4 Rg7 34. Qf5 Rd8 35. h6 Rg6 36. Qxf7+ Kh8 37. Rh4 Ba5 38. Qf3 Bc7 39. Kg1 c4
40. Rd4 Bb6 41. Qf4 Re8 42. Kh1 Bxd4 43. Qxd4+ Kg8 44. Qxc4+ Ree6 45. Qc8+ Kf7
46. Qc7+ Re7 47. Qf4+ Rf6 48. Qc4+ Kf8 49. Qc8+ Re8 50. Qc5+ Kg8 51. Qg5+ Rg6
52. Qd5+ Kf8 53. Qc5+ Kf7 54. Qxa7+ Re7 55. Qf2+ Rf6 56. Qh4 Ree6 57. Kg1 Rxh6
58. Qc4 Kg7 59. Qd4+ Rhf6 60. Qd2 Rf7 61. Qg5+ Kf8 62. Qd8+ 1/2-1/2

[Event "4NCL Division 4 South"]
[Site "Telford, ENG ENG"]
[Date "2016.01.16"]
[Round "3.41"]
[White "Sweatman, Paul"]
[Black "Woodhouse, Monty"]
[Result "1-0"]
[WhiteElo "1488"]
[BlackElo "1345"]
[PlyCount "123"]
[EventDate "2016.01.16"]
[WhiteTeam "Throw in the Tal 2"]
[BlackTeam "Midland Monarchs 2"]

1. d4 e6 2. Nc3 f5 3. Nf3 Nf6 4. Bg5 Be7 5. e3 O-O 6. Be2 d5 7. O-O Nc6 8. a3
Bd7 9. h3 Be8 10. Ne5 Bd6 11. Nxc6 Bxc6 12. Bb5 Bxb5 13. Nxb5 c6 14. Nc3 e5 15.
Re1 Qe8 16. Bxf6 Rxf6 17. Ne2 Qg6 18. Qd3 Qg5 19. dxe5 Bxe5 20. f4 Bxf4 21.
Nxf4 Re8 22. Re2 Rf7 23. Rf1 Rfe7 24. c3 Qg3 25. Rf3 Qg5 26. b4 b6 27. Kh2 Re4
28. Re1 Qf6 29. Re2 Rc4 30. Rc2 Qe5 31. g3 Re4 32. Re2 Rc4 33. Rc2 Re4 34. Ng2
c5 35. Re2 d4 36. Rf4 dxc3 37. Rxe4 fxe4 38. Qc4+ Kh8 39. bxc5 bxc5 40. Rc2 Rf8
41. Rxc3 Rf3 42. Nf4 Qg5 43. g4 Rxe3 44. Rxe3 Qxf4+ 45. Rg3 Qf2+ 46. Rg2 Qf4+
47. Kh1 Qf3 48. Qxc5 Qxh3+ 49. Kg1 h6 50. Qf8+ Kh7 51. Qf5+ Kg8 52. Qxe4 Qxa3
53. Qe1 Qc5+ 54. Rf2 a5 55. Kf1 Qc4+ 56. Qe2 Qc1+ 57. Kg2 Qc6+ 58. Qf3 Qb5 59.
Rd2 Qb4 60. Rd8+ Kh7 61. Qd3+ g6 62. Qd7+ 1-0

[Event "4NCL Division 4 South"]
[Site "Telford, ENG ENG"]
[Date "2016.01.16"]
[Round "3.34"]
[White "Guha, Chirag"]
[Black "Mehmood, Athar"]
[Result "1-0"]
[WhiteElo "1855"]
[BlackElo "1675"]
[PlyCount "91"]
[EventDate "2016.01.16"]
[WhiteTeam "Midland Monarchs 2"]
[BlackTeam "Shropshire 3"]

1. d4 Nf6 2. Nf3 e6 3. c4 Be7 4. g3 d5 5. Bg2 O-O 6. O-O c6 7. Nc3 Nbd7 8. Nd2
b6 9. e4 dxe4 10. Ndxe4 Bb7 11. Be3 Nxe4 12. Bxe4 f5 13. Bg2 Nf6 14. Qb3 Ng4
15. c5 Nxe3 16. Qxe6+ Kh8 17. Qxe3 f4 18. gxf4 Qc7 19. Rac1 bxc5 20. dxc5 Rae8
21. Rfe1 Rxf4 22. Qe5 Qxe5 23. Rxe5 Kg8 24. Rce1 Kf7 25. Nb5 cxb5 26. Bxb7 Bxc5
27. Rxe8 Bxf2+ 28. Kg2 Bxe1 29. Rxe1 Rd4 30. Re2 g5 31. Bc6 a6 32. b3 Kf6 33.
Be4 h5 34. Kf3 Rd1 35. Rc2 g4+ 36. Kg3 Rd4 37. Bb7 Rd3+ 38. Kf4 b4 39. Bxa6
Rf3+ 40. Ke4 Kg5 41. Rg2 Rf4+ 42. Kd5 Kh4 43. Kc5 Kh3 44. Rd2 h4 45. Bc4 g3 46.
Be6+ 1-0

[Event "4NCL Division 4 South"]
[Site "Telford, ENG ENG"]
[Date "2016.01.16"]
[Round "3.37"]
[White "Paul, Christopher"]
[Black "Green, Emily"]
[Result "1-0"]
[WhiteElo "1600"]
[BlackElo "1765"]
[PlyCount "93"]
[EventDate "2016.01.16"]
[WhiteTeam "Shropshire 3"]
[BlackTeam "Midland Monarchs 2"]

1. d4 Nf6 2. Nf3 g6 3. Bf4 c5 4. e3 b6 5. c3 Bg7 6. Nbd2 Bb7 7. Bd3 O-O 8. Qc2
d6 9. O-O Nbd7 10. e4 Rc8 11. d5 Ng4 12. h3 Nge5 13. Nxe5 Nxe5 14. Bxe5 Bxe5
15. Rad1 a6 16. a4 e6 17. c4 exd5 18. exd5 b5 19. b3 bxa4 20. bxa4 Rb8 21. Nf3
Bg7 22. Rb1 Qa5 23. Nd2 Ba8 24. Ne4 Qc7 25. h4 Be5 26. Kh1 Qe7 27. g3 Bb7 28.
f4 Bg7 29. f5 Be5 30. f6 Qd7 31. Kg2 Qc7 32. Qd2 Bxf6 33. Nxf6+ Kg7 34. Qc3 Qe7
35. Rbe1 Qxf6 36. Rxf6 Kg8 37. h5 gxh5 38. Rh6 f6 39. Bxh7+ Kh8 40. Qd3 Bxd5+
41. cxd5 Rb2+ 42. Kg1 Rb7 43. Bf5+ Kg8 44. Be6+ Rff7 45. Qg6+ Kf8 46. Rh8+ Ke7
47. Qxf7# 1-0

[Event "4NCL Division 4 South"]
[Site "Telford, ENG ENG"]
[Date "2016.01.16"]
[Round "3.40"]
[White "Woodhouse, Stephen V"]
[Black "Szwajkun, Steve"]
[Result "1-0"]
[WhiteElo "1562"]
[BlackElo "1540"]
[PlyCount "137"]
[EventDate "2016.01.16"]
[WhiteTeam "Midland Monarchs 2"]
[BlackTeam "Shropshire 3"]

1. e4 e6 2. d4 d6 3. Nc3 a6 4. f4 g6 5. Nf3 Ne7 6. Bd3 b6 7. O-O Bb7 8. Qe2 h6
9. Bd2 Bg7 10. Rae1 Nd7 11. f5 g5 12. Kh1 c5 13. fxe6 fxe6 14. d5 e5 15. Ng1
Nf6 16. Nd1 Qc7 17. Ne3 O-O-O 18. Nf5 Nxf5 19. Rxf5 b5 20. c4 b4 21. b3 Kb8 22.
Ra1 Bc8 23. Rff1 Rdf8 24. a3 a5 25. axb4 axb4 26. Ra4 Bd7 27. Ra6 Kb7 28. Rfa1
Ra8 29. Rxa8 Rxa8 30. Qd1 Rxa1 31. Qxa1 g4 32. Ne2 Nh5 33. Qc1 Nf4 34. Nxf4
exf4 35. Bxf4 h5 36. Qc2 h4 37. Bc1 Be8 38. Bb2 Bh5 39. Be2 Qf7 40. Bxg7 Qxg7
41. h3 Qg5 42. Bxg4 Bxg4 43. hxg4 Qxg4 44. Qd3 Qg6 45. Qf3 Qh6 46. Kh2 Qg7 47.
Qf4 Kc7 48. Qxh4 Qe5+ 49. g3 Qb2+ 50. Kh3 Qxb3 51. Qe7+ Kc8 52. Qe8+ Kb7 53.
Qc6+ Ka7 54. Qxd6 Qc3 55. Qxc5+ Kb8 56. d6 Qh8+ 57. Kg4 Qc8+ 58. d7 Qxd7+ 59.
Kf4 Qc7+ 60. Qxc7+ Kxc7 61. Ke3 Kd6 62. Kd4 b3 63. Kc3 b2 64. Kxb2 Ke5 65. c5
Kxe4 66. c6 Kf3 67. c7 Kxg3 68. c8=Q Kf3 69. Qe6 1-0